[Event "GER-ch 87th"]
[Site "Luebeck"]
[Date "2016.10.28"]
[Round "8"]
[White "Schwarz, Frank"]
[Black "Kummerow, Heiko"]
[Result "1-0"]
[WhiteElo "2251"]
[BlackElo "2266"]
[EventDate "2016.10.21"]
[PlyCount "59"]

1. c4 Nf6 2. g3 g6 3. Bg2 Bg7 4. Nc3 O-O 5. d3 d6 6. Rb1 a6 7. e3 e5 8. Nge2 c6 9. O-O Re8 10. h3 Be6 11. e4 b5 12. f4 bxc4 13. f5 cxd3 14. Qxd3 gxf5 15. exf5 Bc8 16. g4 e4 17. Qg3 Nd5 18. Nxe4 Be5 19. Qf3 a5 20. g5 Ra7 21. h4 Kh8 22. Kh1 Rg8 23. b3 Nd7 24. Bb2 Bxb2 25. Rxb2 Ne5 26. Qf2 Rd7 27. Rd2 Bb7 28. Nf4 Rc7 29. Nxd5 cxd5 30. Nf6 1-0

[Event "GER-ch 87th"]
[Site "Luebeck"]
[Date "2016.10.28"]
[Round "8"]
[White "Svane, Rasmus"]
[Black "Bente, Bjoern"]
[Result "1/2-1/2"]
[WhiteElo "2552"]
[BlackElo "2239"]
[EventDate "2016.10.21"]
[PlyCount "141"]

1. d4 g6 2. c4 Bg7 3. Nf3 Nf6 4. Nc3 O-O 5. e4 d6 6. Be2 e5 7. O-O exd4 8. Nxd4 c6 9. Bf4 Re8 10. f3 Na6 11. Qd2 Nh5 12. Be3 Nc7 13. Rad1 Qe7 14. Nb3 Rd8 15. Rfe1 Be6 16. g4 Nf6 17. Bg5 Qf8 18. Bh4 Rd7 19. Nd4 d5 20. cxd5 cxd5 21. e5 Nfe8 22. f4 f5 23. Bf3 fxg4 24. Nxe6 Nxe6 25. Bxd5 Kh8 26. Qe3 N8c7 27. Bxe6 Rxd1 28. Rxd1 Nxe6 29. Bg3 Bh6 30. Rd7 Rd8 31. Rxd8 Qxd8 32. Kf2 Qf8 33. Ne2 g5 34. f5 Qxf5+ 35. Ke1 Bf8 36. a3 Bc5 37. Qc3 Qe4 38. Kd2 Kg7 39. Qd3 Qxd3+ 40. Kxd3 h5 41. b4 Bb6 42. Ke4 Kg6 43. Be1 h4 44. a4 a6 45. b5 axb5 46. axb5 Ba7 47. Bb4 Bf2 48. Bd2 h3 49. Be3 Bxe3 50. Kxe3 Kf5 51. Kf2 Nf4 52. Nd4+ Kxe5 53. Nb3 Kf5 54. Nd4+ Kg6 55. Kg3 Kh5 56. Nf5 Ne2+ 57. Kf2 Nc3 58. b6 Ne4+ 59. Ke3 Nf6 60. Kf2 Nd5 61. Nd6 Nxb6 62. Nxb7 Kh4 63. Nd6 g3+ 64. hxg3+ Kg4 65. Nf7 Nd7 66. Kg1 Kh5 67. Kh2 g4 68. Nd6 Ne5 69. Ne4 Kg6 70. Nf2 Kf5 71. Nxh3 1/2-1/2

[Event "GER-ch 87th"]
[Site "Luebeck"]
[Date "2016.10.28"]
[Round "8"]
[White "Tonndorf, Matthias"]
[Black "Langheinrich, Ferenc"]
[Result "1/2-1/2"]
[WhiteElo "2223"]
[BlackElo "2371"]
[EventDate "2016.10.21"]
[PlyCount "106"]

1. e4 c6 2. Nc3 d5 3. Nf3 Bg4 4. h3 Bxf3 5. Qxf3 e6 6. g3 Nf6 7. Bg2 Be7 8. O-O O-O 9. Rd1 b5 10. a3 Nbd7 11. d4 dxe4 12. Nxe4 Nxe4 13. Qxe4 Rc8 14. a4 Nc5 15. Qf3 Nxa4 16. b3 Nb6 17. Rxa7 b4 18. Bf4 Nd5 19. Be5 Ra8 20. Rxa8 Qxa8 21. Qg4 Nf6 22. Qf3 Rc8 23. Kh2 Qa7 24. Bf1 Qb7 25. Ra1 Ra8 26. Rxa8+ Qxa8 27. Bd3 Qc8 28. Kg2 Qd7 29. Qe2 Qd5+ 30. Kh2 Qd7 31. Qe3 Qd8 32. Qe1 Qa5 33. Qh1 Qa8 34. Qf3 Qc8 35. Qe2 Qd7 36. Qd1 Qa7 37. Bf1 Nd7 38. Bf4 Nf6 39. g4 Nd5 40. Be5 Bf6 41. Bxf6 Nxf6 42. Bg2 Qc7+ 43. Kg1 h6 44. Qd3 Nd5 45. Qc4 Qb7 46. Bxd5 exd5 47. Qc5 f6 48. Kg2 Kf7 49. f3 Qe7 50. Qxe7+ Kxe7 51. Kf2 g5 52. Ke3 Kd7 53. Kd3 Kc7 1/2-1/2

[Event "GER-ch 87th"]
[Site "Luebeck"]
[Date "2016.10.29"]
[Round "9"]
[White "Bente, Bjoern"]
[Black "Gasthofer, Alexander"]
[Result "1/2-1/2"]
[WhiteElo "2239"]
[BlackElo "2437"]
[EventDate "2016.10.21"]
[PlyCount "40"]

1. e4 e6 2. d4 d5 3. Nc3 Bb4 4. exd5 exd5 5. Bd3 c6 6. Nge2 Ne7 7. Ng3 Ng6 8. O-O O-O 9. Nce2 Bd6 10. Nf5 Bxf5 11. Bxf5 Re8 12. c3 Nd7 13. Be3 Nf6 14. Ng3 Qc7 15. Qc2 Bf4 16. Rae1 Nh4 17. Bd3 Ng6 18. Bf5 Nh4 19. Bd3 Ng6 20. Bf5 Nh4 1/2-1/2

[Event "GER-ch 87th"]
[Site "Luebeck"]
[Date "2016.10.29"]
[Round "9"]
[White "Hirneise, Jens"]
[Black "Fuchs, Florian"]
[Result "1-0"]
[WhiteElo "2324"]
[BlackElo "2290"]
[EventDate "2016.10.21"]
[PlyCount "77"]

1. e4 c5 2. Nf3 Nc6 3. d4 cxd4 4. Nxd4 Nf6 5. Nc3 d6 6. Bg5 e6 7. Qd2 a6 8. O-O-O Qb6 9. Nb3 Be7 10. Kb1 O-O 11. f3 Rd8 12. Be3 Qc7 13. Bd3 b5 14. Qf2 Rb8 15. g4 Ne5 16. g5 Nfd7 17. h4 Nc4 18. Ba7 Ra8 19. Bd4 Ndb6 20. h5 b4 21. g6 fxg6 22. hxg6 h6 23. Bxg7 Kxg7 24. Rxh6 Rg8 25. Qh2 Na3+ 26. Ka1 e5 27. Rh7+ Kf8 28. Rf7+ Ke8 29. Qh7 Rxg6 30. Qxg6 Nxc2+ 31. Bxc2 bxc3 32. Rh1 cxb2+ 33. Kb1 Bh3 34. Rxh3 Qc4 35. Rxe7+ Kxe7 36. Rh7+ Kd8 37. Qxd6+ Kc8 38. Rh8+ Kb7 39. Na5+ 1-0

[Event "GER-ch 87th"]
[Site "Luebeck"]
[Date "2016.10.29"]
[Round "9"]
[White "Kabisch, Thilo"]
[Black "Kalinitschew, Sergey"]
[Result "0-1"]
[WhiteElo "2309"]
[BlackElo "2405"]
[EventDate "2016.10.21"]
[PlyCount "143"]

1. e4 c5 2. Nf3 Nc6 3. d4 cxd4 4. Nxd4 g6 5. c4 Bg7 6. Nc2 d6 7. Be2 Nh6 8. O-O f5 9. Nc3 O-O 10. Bg5 Nf7 11. Be3 b6 12. exf5 Bxf5 13. Qd2 Rc8 14. Rac1 Nce5 15. Nd4 Bd7 16. Nd5 e6 17. Nf4 Qf6 18. b3 Rc7 19. a4 Rb7 20. Nh3 Nc6 21. Nb5 e5 22. Ng5 Nd4 23. Bxd4 Nxg5 24. Be3 Ne6 25. Bf3 Rbb8 26. Nxa7 Nd4 27. Bxd4 exd4 28. Rfe1 Kh8 29. Nc6 Bxc6 30. Bxc6 Qh4 31. Re4 Qh5 32. Rce1 Qc5 33. Bd5 Qa3 34. Qd3 Qb2 35. f3 Qc3 36. Qxc3 dxc3 37. Kf2 Bh6 38. g3 Bd2 39. R4e2 Bxe1+ 40. Kxe1 Rfe8 41. Be4 g5 42. g4 h5 43. h3 Kg7 44. Kd1 Rbd8 45. Rg2 h4 46. Kc2 d5 47. cxd5 Rc8 48. Re2 Kf6 49. Re3 Rc5 50. d6 Rd8 51. Rd3 Ke5 52. d7 Kf4 53. Bf5 Kg3 54. Be6 Re5 55. Bf5 Re2+ 56. Kxc3 Kxh3 57. Rd6 Kg2 58. Kd3 Re7 59. Rxb6 h3 60. Rh6 h2 61. a5 h1=Q 62. Rxh1 Kxh1 63. b4 Kg2 64. a6 Kxf3 65. b5 Re5 66. Kc4 Rxf5 67. gxf5 g4 68. a7 g3 69. b6 g2 70. b7 g1=Q 71. a8=Q Qg8+ 72. Kc5 0-1

[Event "GER-ch 87th"]
[Site "Luebeck"]
[Date "2016.10.29"]
[Round "9"]
[White "Kummerow, Heiko"]
[Black "Goergens, Michael"]
[Result "1-0"]
[WhiteElo "2266"]
[BlackElo "2080"]
[EventDate "2016.10.21"]
[PlyCount "61"]

1. e4 e6 2. d4 d5 3. Nc3 Nf6 4. Bg5 Be7 5. e5 Nfd7 6. h4 Bxg5 7. hxg5 Qxg5 8. Nh3 Qe7 9. Qg4 f5 10. Qh5+ g6 11. Qh6 a6 12. Nf4 Nf8 13. O-O-O c6 14. g4 Rg8 15. gxf5 gxf5 16. Be2 Qg7 17. Bh5+ Kd8 18. Qxg7 Rxg7 19. Rdg1 Re7 20. Rg8 Nbd7 21. Rhg1 b5 22. R1g7 Rxg7 23. Nxe6+ Ke7 24. Nxg7 Nb6 25. Ne8 Ng6 26. Nd6 Be6 27. Rg7+ Kf8 28. Rxh7 Nf4 29. Ne2 Bg8 30. Rh6 Kg7 31. Nxf5+ 1-0

[Event "GER-ch 87th"]
[Site "Luebeck"]
[Date "2016.10.29"]
[Round "9"]
[White "Langheinrich, Ferenc"]
[Black "Jugelt, Tobias"]
[Result "1/2-1/2"]
[WhiteElo "2371"]
[BlackElo "2418"]
[EventDate "2016.10.21"]
[PlyCount "68"]

1. e4 c5 2. Nf3 d6 3. d4 cxd4 4. Nxd4 Nf6 5. Nc3 e6 6. g4 d5 7. exd5 Nxd5 8. Bb5+ Bd7 9. Nxd5 exd5 10. Qe2+ Be7 11. Nf5 Kf8 12. Bxd7 Qxd7 13. Be3 Nc6 14. O-O-O Bf6 15. Qf3 Rd8 16. Bc5+ Kg8 17. Nh6+ gxh6 18. Qxf6 b6 19. Bd4 Nxd4 20. Rxd4 Qd6 21. Qxd6 Rxd6 22. Rhd1 Kg7 23. Rxd5 Rf6 24. R1d2 Re8 25. c4 Re4 26. b3 Rxg4 27. R5d3 Rgf4 28. Kc2 Rxf2 29. Kc3 Rxd2 30. Rxd2 Kf8 31. Re2 a5 32. Kd4 Rd6+ 33. Kc3 Rf6 34. Kd4 Rd6+ 1/2-1/2

[Event "GER-ch 87th"]
[Site "Luebeck"]
[Date "2016.10.29"]
[Round "9"]
[White "Malek, Daniel"]
[Black "Svane, Rasmus"]
[Result "1/2-1/2"]
[WhiteElo "2411"]
[BlackElo "2552"]
[EventDate "2016.10.21"]
[PlyCount "113"]

1. d4 e6 2. c4 Nf6 3. Nc3 Bb4 4. e3 O-O 5. Nge2 c6 6. a3 Ba5 7. Ng3 d5 8. Bd3 dxc4 9. Bxc4 Nbd7 10. Qc2 e5 11. dxe5 Nxe5 12. Be2 Bc7 13. O-O Qe7 14. Rd1 Ng6 15. b4 h5 16. Nf1 Bg4 17. Bb2 Rad8 18. h3 Bxe2 19. Nxe2 Be5 20. Nd4 Rd5 21. Rac1 Rfd8 22. Nd2 Bb8 23. Nc4 Bc7 24. Nf3 Ne4 25. Rxd5 Rxd5 26. Rd1 Ng5 27. Ncd2 Nxf3+ 28. Nxf3 Qe4 29. Qb3 Ne7 30. Rxd5 Nxd5 31. Bd4 Bb6 32. Nd2 Qg6 33. Bxb6 Nxb6 34. Qc3 Qe6 35. Qd3 Qd5 36. Qxd5 Nxd5 37. Nc4 b6 38. Kf1 f6 39. Ke2 Kf7 40. g3 Ke6 41. e4 Nc3+ 42. Kd3 Nd1 43. Ke2 Nc3+ 44. Kd3 Nd1 45. Ke2 Nc3+ 46. Kd3 Nd1 47. Ke2 Nc3+ 48. Kd3 Nd1 49. Ke2 Nc3+ 50. Kd3 Nd1 51. Ke2 Nc3+ 52. Kd3 Nd1 53. Ke2 Nc3+ 54. Kd3 Nd1 55. Ke2 Nc3+ 56. Kd3 Nd1 57. Ke2 1/2-1/2

[Event "GER-ch 87th"]
[Site "Luebeck"]
[Date "2016.10.29"]
[Round "9"]
[White "Moeller, Hendrik"]
[Black "Kololli, Martin"]
[Result "1/2-1/2"]
[WhiteElo "2286"]
[BlackElo "2202"]
[EventDate "2016.10.21"]
[PlyCount "118"]

1. c4 Nf6 2. g3 e6 3. Nf3 b6 4. Bg2 Bb7 5. O-O Be7 6. b3 O-O 7. Bb2 d5 8. e3 c5 9. Qe2 Nc6 10. Nc3 Rc8 11. Rac1 Qd7 12. cxd5 Nxd5 13. Nxd5 Qxd5 14. Nh4 Qd6 15. Qg4 g6 16. Rfd1 f5 17. Qc4 Na5 18. Qc2 Bxg2 19. Nxg2 e5 20. d4 exd4 21. exd4 c4 22. bxc4 Rxc4 23. Qd3 b5 24. d5 Bg5 25. Ba3 b4 26. Rxc4 Nxc4 27. Qxc4 bxa3 28. Nf4 Bxf4 29. Qxf4 Qxf4 30. gxf4 Kf7 31. Rd3 Ke7 32. Rxa3 Kd6 33. Rxa7 Kxd5 34. Rxh7 Ra8 35. Rh6 Rxa2 36. Rxg6 Ke4 37. Kg2 Kxf4 38. h4 Ke5 39. h5 Ra4 40. Kg3 Ra1 41. f4+ Kd5 42. Kh4 Ke4 43. Kg5 Rg1+ 44. Kf6 Ra1 45. h6 Kxf4 46. h7 Ra6+ 47. Kg7 Ra8 48. h8=Q Rxh8 49. Kxh8 Ke3 50. Re6+ Kf3 51. Kg7 f4 52. Rf6 Kg3 53. Kg6 f3 54. Kf5 f2 55. Ke4 Kg2 56. Rg6+ Kh2 57. Rf6 Kg2 58. Ke3 f1=Q 59. Rxf1 Kxf1 1/2-1/2

[Event "GER-ch 87th"]
[Site "Luebeck"]
[Date "2016.10.29"]
[Round "9"]
[White "Mueer, Sebastian"]
[Black "Schwarz, Frank"]
[Result "0-1"]
[WhiteElo "2289"]
[BlackElo "2251"]
[EventDate "2016.10.21"]
[PlyCount "172"]

1. Nf3 Nf6 2. c4 e6 3. g3 d5 4. Bg2 Be7 5. O-O O-O 6. d4 dxc4 7. Qc2 a6 8. a4 c5 9. dxc5 Nc6 10. Bf4 Bxc5 11. Qxc4 Qa5 12. Nc3 Be7 13. Rad1 e5 14. Bg5 Be6 15. Qh4 Bb3 16. Rd6 Bxd6 17. Bxf6 Bc2 18. e4 Rfe8 19. Bxg7 Kxg7 20. Qg5+ Kf8 21. Qh6+ Ke7 22. Nd5+ Kd7 23. Bh3+ Re6 24. Qxh7 Rf8 25. Bxe6+ Kd8 26. Bxf7 Kc8 27. Ng5 Kb8 28. Qh6 Bc5 29. Qg7 Rc8 30. Ne6 Ba7 31. Nc3 Qb4 32. Ng5 Qxb2 33. Nd5 Bd3 34. Qf6 Bxf1 35. Kxf1 Ka8 36. h4 Nd4 37. a5 Qb5+ 38. Kg2 Qxa5 39. Qxe5 Nc6 40. Qb2 Bd4 41. Qc2 Qa1 42. Nf4 Ne7 43. Qd3 Rc3 44. Qd2 Rc1 45. Ne2 Rd1 46. Qc2 Bb6 47. Nh3 Rd8 48. Qb3 Ka7 49. Qe6 Nc6 50. Nef4 Rd2 51. Nd5 Bd4 52. Qf5 Qb2 53. Qf4 Ne5 54. Qf5 Nd3 55. Ndf4 Ne1+ 56. Kh2 Nf3+ 57. Kg2 Ne1+ 58. Kh2 Qc2 59. Bh5 Bb6 60. Qe6 a5 61. Nd5 Bd4 62. Qe8 Qc6 63. Kg1 a4 64. Qf8 Qc1 65. Kh2 Qc4 66. Kg1 Bc5 67. Qe8 Qa6 68. Qc8 Qd6 69. Kf1 Nc2 70. Be2 a3 71. Nc7 Qd7 72. Nb5+ Kb6 73. Qxd7 Rxd7 74. Nc3 Nb4 75. Bc4 Rd2 76. f4 Bd4 77. Ne2 Kc5 78. Be6 a2 79. Bxa2 Nxa2 80. f5 Bf6 81. Nhf4 b5 82. Ke1 Rd7 83. Nd5 Be5 84. Kd2 Nb4 85. Ke3 Nxd5+ 86. exd5 Kxd5 0-1

[Event "GER-ch 87th"]
[Site "Luebeck"]
[Date "2016.10.29"]
[Round "9"]
[White "Rehberg, Raphael"]
[Black "Gress, Alexander"]
[Result "1-0"]
[WhiteElo "2232"]
[BlackElo "2177"]
[EventDate "2016.10.21"]
[PlyCount "65"]

1. e4 c5 2. Nf3 d6 3. d4 cxd4 4. Nxd4 Nf6 5. Nc3 a6 6. Bg5 e6 7. f4 h6 8. Bh4 Qb6 9. Qd2 Qxb2 10. Rb1 Qa3 11. e5 dxe5 12. fxe5 g5 13. exf6 gxh4 14. Be2 Qa5 15. O-O Rg8 16. Bf3 h3 17. g3 Bc5 18. Kh1 Qd8 19. Nb3 Qxd2 20. Nxd2 Nc6 21. Nce4 Bf8 22. Nc4 Nd4 23. Ned6+ Bxd6 24. Nxd6+ Kd7 25. Nxf7 Nxf3 26. Rxf3 b5 27. Rd1+ Kc7 28. Kg1 Bb7 29. Rc3+ Kb6 30. Ne5 Rad8 31. Rxd8 Rxd8 32. f7 b4 33. Rd3 1-0

[Event "GER-ch 87th"]
[Site "Luebeck"]
[Date "2016.10.29"]
[Round "9"]
[White "Schoen, Ralf"]
[Black "Metz, Hartmut"]
[Result "1/2-1/2"]
[WhiteElo "2146"]
[BlackElo "2284"]
[EventDate "2016.10.21"]
[PlyCount "119"]

1. Nf3 d5 2. c4 c6 3. d4 Nf6 4. Nc3 dxc4 5. a4 Bf5 6. Ne5 e6 7. Nxc4 Bb4 8. e3 a5 9. Be2 Nbd7 10. O-O O-O 11. Bd2 h6 12. Na2 Bxd2 13. Nxd2 Qc7 14. Nc3 Rfd8 15. h3 Bg6 16. Qb3 Nc5 17. Qa3 Na6 18. Rac1 Nb4 19. Nc4 Bd3 20. Ne5 Bxe2 21. Nxe2 Nd7 22. f4 Rac8 23. Qb3 Nf6 24. f5 Re8 25. Ng3 Rcd8 26. Rf3 Rd5 27. Rcf1 Rxe5 28. dxe5 Qxe5 29. fxe6 Qxe6 30. Qxe6 Rxe6 31. Rd1 Nbd5 32. Kf2 g6 33. Rd4 Kg7 34. e4 Nb4 35. Rb3 h5 36. Kf3 c5 37. Rd8 h4 38. Ne2 Nxe4 39. Re3 Nc6 40. Rd5 f5 41. Nf4 Re7 42. g4 hxg3 43. Kg2 Kf6 44. Rd1 Kg5 45. Nd5 Re5 46. Nc3 Nxc3 47. Rxg3+ Kh4 48. bxc3 g5 49. Rf3 g4 50. hxg4 fxg4 51. Rh1+ Kg5 52. Rf2 Ne7 53. Rb1 Nd5 54. Rxb7 Nf4+ 55. Kh2 Re4 56. Rg7+ Kh4 57. Rh7+ Kg5 58. Rg7+ Kh4 59. Rh7+ Kg5 60. Rg7+ 1/2-1/2

[Event "GER-ch 87th"]
[Site "Luebeck"]
[Date "2016.10.29"]
[Round "9"]
[White "Schroeder, Christoph"]
[Black "Liepold, Stefan"]
[Result "1-0"]
[WhiteElo "2193"]
[BlackElo "2188"]
[EventDate "2016.10.21"]
[PlyCount "117"]

1. e4 e6 2. d4 d5 3. Nc3 Bb4 4. e5 c5 5. a3 Bxc3+ 6. bxc3 Ne7 7. Qg4 cxd4 8. Qxg7 Rg8 9. Qxh7 Qc7 10. Ne2 Nbc6 11. f4 dxc3 12. Qd3 d4 13. Nxd4 Nxd4 14. Qxd4 Bd7 15. Rg1 Nf5 16. Qf2 Qc6 17. Bd3 Qd5 18. Rb1 Bc6 19. Rb3 O-O-O 20. Rxc3 Kb8 21. Qc5 Rxg2 22. Qxd5 Rxg1+ 23. Kf2 Bxd5 24. Kxg1 Rg8+ 25. Kf1 Ne7 26. Be2 Be4 27. Bf3 Nd5 28. Rb3 Bxc2 29. Bxd5 exd5 30. Rg3 Rh8 31. Kg1 d4 32. Rg7 Rc8 33. Bd2 Bb3 34. f5 a5 35. h4 Rh8 36. Rg4 b6 37. Rxd4 Kc7 38. Bg5 b5 39. Kh2 Bc2 40. Rf4 Kc6 41. Rf2 Be4 42. e6 fxe6 43. fxe6 Re8 44. e7 b4 45. axb4 axb4 46. Rf8 Kd7 47. Rf4 Bg6 48. Rxb4 Ra8 49. Rd4+ Kc6 50. Kg3 Ra1 51. Be3 Ra5 52. Bf4 Bh5 53. Rd6+ Kc5 54. Rd8 Ra3+ 55. Kg2 Ra2+ 56. Bd2 Ra4 57. Rh8 Bf7 58. Kf3 Kd6 59. Bg5 1-0

[Event "GER-ch 87th"]
[Site "Luebeck"]
[Date "2016.10.29"]
[Round "9"]
[White "Schulz, Karsten"]
[Black "Tonndorf, Matthias"]
[Result "1-0"]
[WhiteElo "2283"]
[BlackElo "2223"]
[EventDate "2016.10.21"]
[PlyCount "115"]

1. d4 Nf6 2. Bf4 Nh5 3. Bc1 Nf6 4. Nf3 b6 5. Bf4 Nh5 6. Bc1 Bb7 7. e3 g6 8. c4 Bg7 9. Nc3 O-O 10. Be2 d6 11. O-O a6 12. e4 Nd7 13. Be3 e5 14. Qd2 Ndf6 15. dxe5 dxe5 16. Qc2 Ng4 17. Bg5 f6 18. Bd2 Nf4 19. Bxf4 exf4 20. Rad1 Qe7 21. Nd5 Qd6 22. Nd2 Nh6 23. c5 Qxc5 24. Qxc5 bxc5 25. Nxc7 Rac8 26. Ne6 Rfe8 27. Nxf4 Nf7 28. Bc4 Bxe4 29. Bxa6 Rb8 30. Rfe1 Bf5 31. Rxe8+ Rxe8 32. Nd5 Kf8 33. Ne3 Be6 34. Bc4 Bc8 35. Nb3 f5 36. Nxc5 Bxb2 37. g3 Ne5 38. Bb5 Bd4 39. Bxe8 Kxe8 40. Nc4 Bxf2+ 41. Kxf2 Nxc4 42. a4 Ke7 43. Rd4 Na5 44. Ke3 Nc6 45. Rd1 g5 46. Kd3 Kd6 47. Kc4+ Kc7 48. Re1 f4 49. gxf4 gxf4 50. Ne6+ Kd6 51. Nxf4 Ba6+ 52. Kc3 Kc5 53. Re6 Bf1 54. Rh6 Ne5 55. Rxh7 Ng4 56. h4 Nf6 57. Re7 Bg2 58. Re5+ 1-0